000 00827nam a22002295i 4500
001 159573
003 ES-MaACL
005 20250830063109.0
008 981002s1886 fr a |||| | fre d
040 _aGA
_bspa
_cCCPB | 3D
100 1 _aMichel, André,
_d1853-1925
_980889
245 1 4 _aFrançois Boucher /
_cpar André Michel.
260 _aParis :
_bLibrarie de L'Art,
_c[s.a.] (
_fImprimerie de L'Art. E. Ménard et J. Augry)
300 _a144 p. :
_bil. ;
_c26 cm.
490 1 _aLes artistes célèbres
596 1 _aEspasa, t. 35, p. 11, fecha la obra en 1886.
597 1 _aGrab. calc. intercalados en el texto.
650 1 4 _aBoucher, François
_d(1703-1770)
_9223172
830 0 _aLes artistes célèbres
_9188292
852 _aES-MaACL
_jF-11302
_z-- Enc. hol. grabada
999 _c159573
_d159573